Statistics for Lakes in Europe Quiz

Click here to take the quiz!

General Stats

  • This quiz has been taken 112 times
  • The average score is 9 of 18

Answer Stats

HintLake% Correct
There is a monster in this Scottish lakeNess
93%
The most populous city in Switzerland is named after this lakeZurich
80%
It is known as "lac Léman" in the French languageGeneva
75%
Lake in Lombardy, famous for its villasComo
69%
Largest lake entirely in Europe, it is near Saint PetersburgLadoga
68%
Hungarian rift lake that is a famous tourist attractionBalaton
61%
Scotland's largest lakeLomond
54%
The Svir river connects the above with this lakeOnega
49%
Major lake between Verona and Brescia, known for its crystal clear waterGarda
49%
Major lake on the Rhine river that borders Switzerland, Austria and GermanyConstance
46%
Swedish lake that is the largest one in the European UnionVänern
46%
Second largest lake in SwedenVättern
45%
Second largest lake in Italy also known as VerbanoMaggiore
34%
Northern Irish lake that is largest in the British IslesNaegh
34%
Major Dutch lake closet off from the North Sea by the Afsluitdijk damIjsselmeer
31%
Finland's largest lakeSaimaa
31%
Lake bordering Estonia and RussiaPeipus
28%
Reservoir in northern UkraineKiev
8%

Score Distribution

Percentile by Number Answered

Percent of People with Each Score

Your Score History

You have not taken this quiz